Normal view
MARC view
- T.R.B-N.A.S
Entry Personal Name
001 - CONTROL NUMBER
- control field: 43660
003 - CONTROL NUMBER IDENTIFIER
- control field: NUST
005 - DATE AND TIME OF LATEST TRANSACTION
- control field: 20210314132724.0
008 - FIXED-LENGTH DATA ELEMENTS
- fixed length control field: 210314|| aca||aabn | a|a d
040 ## - CATALOGING SOURCE
- Original cataloging agency: NUST
- Transcribing agency: NUST
100 ## - HEADING--PERSONAL NAME
- Personal name: T.R.B-N.A.S
670 ## - SOURCE DATA FOUND
- Source citation: Work cat.: (NUST): T.R.B-N.A.S, Transportation research record 774: management systems and transportation ride quality, 1980
